Cahiers de Droit Fiscal International : volumen XLIV : Compte Rendu du XVème Congrès International de Droit Financier et Fiscal : Jerusalén, Israel, 1961 /

Na minha lista:
Detalhes bibliográficos
Autor Corporativo: Congrès International de Droit Financier et Fiscal ( Jerusalén, Israel)
Formato: Procedimiento de la conferencia Livro
Idioma:francês
Publicado em: Jerusalén, Israel : Association Internationale de Droit Financier et Fiscal, 1961
Tags: Adicionar Tag
Sem tags, seja o primeiro a adicionar uma tag!

MARC

LEADER 00000nam^a2200000^a^4500
001 000439192
005 20250526000000.0
009 20260310123304.487
037 |a Acervo ITESO - Biblioteca 
041 |a FRA 
091 |a FHM. 09238 
111 |a Congrès International de Droit Financier et Fiscal (  |n 15° :  |d 1961 :  |c Jerusalén, Israel) 
245 1 0 |a Cahiers de Droit Fiscal International :  |b volumen XLIV : Compte Rendu du XVème Congrès International de Droit Financier et Fiscal : Jerusalén, Israel, 1961 / 
264 1 |a Jerusalén, Israel :  |b Association Internationale de Droit Financier et Fiscal,  |c 1961 
300 |a 256 p. ;  |c 23.5 cm. 
336 |a texto  |b txt  |2 rdacontenido 
337 |a sin mediación  |b n  |2 rdamedio 
338 |a volumen  |b nc  |2 rdasoporte 
649 |a XX 
910 |a Fondo Hugo B. Margáin 
920 |a Impresos - Libros 
930 |a Libros Antiguos y Raros 
905 |a 126 
901 |a 0500304387  |b IT2  |c LRA  |i D110754  |u 20250526 
902 |a https://opac.biblio.iteso.mx/vufind/Record/000439192